| 000 | 00369 a2200133 4500 | ||
|---|---|---|---|
| 020 | _a8178092360 | ||
| 090 |
_c3926 _d3926 |
||
| 100 | _aWarren G Bennis | ||
| 245 |
_aGeeks and Geezers _bHow Era, Values, and Defining Momnets Shape Leaders |
||
| 260 |
_aMumbai _bMagna Publishing Co Ltd _c2004 |
||
| 300 | _a215p. | ||
| 500 | _aPapercover | ||
| 942 |
_aNBS _cBK _k303.34 BEN |
||
| 999 |
_c346386 _d346386 |
||